000 00666cam a22002417a 4500
001 9832
005 20230410103540.0
008 060907s1994 dr 000 0 spa
035 _9(DLC) 96109849
035 _a2111334
010 _a 96109849
020 _a9768136367
035 _a(CRlLL)0000000436
040 _aDLC
_cDLC
050 1 4 _a118 PQ 7409.2
_bM539m 1994
100 1 _aMendoza, Félix Darío.
245 1 0 _aMarina de la Cruz :
_bradiografía de una inmigrante /
_cFélix Darío Mendoza.
260 _aSanto Domingo :
_bTaller,
_cc1994.
300 _a225 p. ;
_c22 cm.
650 4 _aLiteratura dominicana.
922 _aap
942 _2lcc
_cbk
999 _c21087
_d21087